000 00522cam a22002171 4500
001 sa 66003424
003 DLC
005 20260227112235.0
008 891010s1964 ii 000 1 malo
010 _asa 66003424
035 _a(OCoLC)20465065
040 _aDLC
_cWaU
_dDLC
042 _apremarc
050 0 0 _aPL4718.9.C458
_bV3
100 1 _aCheruvathar, Joseph.
245 1 0 _aVaḷarttumakaḷ.
260 _a[Kunnamkulam,
_c1964]
300 _a233 p.
_c19 cm.
500 _aIn Malayalam.
500 _aA novel.
999 _c68885
_d68885